| LEADER 00000nam 2200000uu 4500 |
| 001 39260 |
| 003 ULIBM |
| 008 020711s2568 th a 000 0 tha d |
| 020 9789740343929 |
| 060 WY160 ร321ก |
| 100 รัชนีกร อุปเสน |
| 245 การช่วยเหลือญาติผู้ดูแลผู้ป่วยจิตเวช : บทบาทพยาบาล=Helping family cargives of psychiatric patients : Nuse role/รัชนีกร อุปเสน |
| 250 พิมพ์ครั้งที่ 1 |
| 260 กรุงเทพฯ :^bจุฬาลงกรณ์มหาวิทยาลัย,^c2568 |
| 300 279 หน้า ;^c30 ซม. |
| 650 ผู้ป่วยจิตเวช—การดูแล |
| 650 ญาติผู้ดูแลผู้ป่วย—การสนับสนุน |
| 650 การพยาบาลจิตเวช |
| 650 บทบาทพยาบาล |
| 650 ครอบครัวของผู้ป่วยจิตเวช |
| 650 Mentally Ill Persons—care |
| 650 Caregivers—psychology / support |
| 650 Psychiatric Nursing |
| 650 Nurse's Role |
| 650 Family—psychology |